[Event "Berlin Lichtenberger op 17th"]
[Site "Berlin"]
[Date "2018.08.21"]
[Round "4"]
[White "Lange, Malina"]
[Black "Krueger, Ekkehard"]
[Result "0-1"]
[WhiteElo "1488"]
[BlackElo "1854"]
[PlyCount "116"]
[EventDate "2018.08.18"]
[EventType "swiss"]
[EventRounds "9"]
[EventCountry "GER"]
[SourceTitle "CBM 186 Extra"]
[Source "ChessBase"]
[SourceDate "2018.08.24"]
[SourceVersion "1"]
[SourceVersionDate "2018.08.24"]
[SourceQuality "1"]

1. e4 c5 2. Nf3 d6 3. d4 cxd4 4. Nxd4 Nf6 5. Nc3 a6 6. Be3 e5 7. Nf3 Be7 8. Bc4 Nbd7 9. Qd2 Qc7 10. Bb3 0-0 11. 0-0-0 b5 12. Rdg1 Nb6 13. Bg5 Bb7 14. Bxf6 Bxf6 15. g4 Nc4 16. Qd3 Rac8 17. g5 Be7 18. h4 Qc5 19. Rh2 Rfd8 20. h5 a5 21. a3 b4 22. axb4 axb4 23. Na2 d5 24. exd5 Bxd5 25. Qf5 Be6 26. Qe4 Nd6 27. Qxb4 Qxb4 28. Nxb4 Bxb3 29. Kb1 e4 30. Ne5 Ba4 31. c3 Nc4 32. Nxc4 Rxc4 33. Nc2 Rc5 34. g6 Rg5 35. gxf7+ Kxf7 36. Re1 Rgd5 37. Ne3 Rc5 38. h6 g6 39. Rc1 Bb3 40. Nc2 Rd2 41. Nd4 Bc4 42. b4 Bd3+ 43. Ka1 Rc8 44. Nc2 Rxc2 45. Rxc2 Bxc2 46. Kb2 Bd3 47. Rh1 Bg5 48. Ra1 Rc7 49. Ra5 Bxh6 50. Kb3 Bd2 51. b5 Rxc3+ 52. Kb4 Rc1+ 53. Ka4 Ra1+ 54. Kb3 Rxa5 55. b6 Rb5+ 56. Ka4 Rxb6 57. Ka3 Bc4 58. Ka4 Ra6# 0-1

[Event "Berlin Lichtenberger op 17th"]
[Site "Berlin"]
[Date "2018.08.19"]
[Round "2"]
[White "Caglar, Erdal"]
[Black "Krueger, Ekkehard"]
[Result "0-1"]
[WhiteElo "1486"]
[BlackElo "1854"]
[PlyCount "79"]
[EventDate "2018.08.18"]
[EventType "swiss"]
[EventRounds "9"]
[EventCountry "GER"]
[SourceTitle "CBM 186 Extra"]
[Source "ChessBase"]
[SourceDate "2018.08.24"]
[SourceVersion "1"]
[SourceVersionDate "2018.08.24"]
[SourceQuality "1"]

1. d4 d5 2. Bf4 c6 3. Nf3 Nf6 4. e3 b5 5. Nbd2 e6 6. Bd3 Nbd7 7. Ne5 Nxe5 8. Bxe5 Bd7 9. Qf3 c5 10. c3 c4 11. Bc2 Bc6 12. Qh3 Nd7 13. Bg3 f5 14. Nf3 Qf6 15. Ne5 Nxe5 16. Bxe5 Qg6 17. g4 Qxg4 18. Qxg4 fxg4 19. h3 g3 20. fxg3 a5 21. Rf1 Ra7 22. Ke2 Rf7 23. Rxf7 Kxf7 24. Rf1+ Ke7 25. Rf4 Be8 26. g4 h6 27. e4 Bg6 28. Ke3 Kd7 29. h4 Rg8 30. h5 Be8 31. Rf3 g6 32. exd5 gxh5 33. dxe6+ Kxe6 34. Rf6+ Ke7 35. Bf5 hxg4 36. d5 Bd7 37. d6+ Kd8 38. Bxd7 Kxd7 39. Rf7+ Ke6 40. Ke4 0-1

[Event "Berlin-ch Seniors op 33rd"]
[Site "Berlin"]
[Date "2017.02.01"]
[Round "2"]
[White "Maetzing, Hans Dieter"]
[Black "Krueger, Ekkehard"]
[Result "0-1"]
[WhiteElo "1964"]
[BlackElo "1816"]
[PlyCount "118"]
[EventDate "2017.01.31"]
[EventType "swiss"]
[EventRounds "9"]
[EventCountry "GER"]
[SourceTitle "EXT 2019"]
[Source "ChessBase"]
[SourceDate "2018.10.10"]
[SourceVersion "1"]
[SourceVersionDate "2018.10.10"]
[SourceQuality "1"]

1. Nc3 d5 2. e4 d4 3. Nce2 e5 4. Ng3 Be6 5. Nf3 Nd7 6. d3 h6 7. Be2 c5 8. 0-0 Ne7 9. c3 Nc6 10. Ne1 Bd6 11. Bg4 Qe7 12. Bxe6 Qxe6 13. Nf5 Bf8 14. f4 exf4 15. Bxf4 g6 16. Ng3 Bg7 17. c4 0-0 18. a3 Nde5 19. Nc2 Qe7 20. Rb1 a5 21. Ne2 Rfd8 22. Qd2 Nxc4 23. dxc4 d3 24. Ng3 dxc2 25. Qxc2 Nd4 26. Qf2 Rd7 27. Rfd1 Rad8 28. Kh1 h5 29. Qe1 h4 30. Nf1 b6 31. Qe3 Ne6 32. Rd5 Bd4 33. Qf3 Qf6 34. Be3 Qg7 35. b3 Bxe3 36. Qxe3 Nc7 37. Rxd7 Rxd7 38. Qh3 Qd4 39. Qe3 Qd3 40. Re1 Ne6 41. Kg1 Rd4 42. a4 Kg7 43. e5 g5 44. Qxd3 Rxd3 45. Re3 Rd1 46. Kf2 Nd4 47. Rc3 Rb1 48. Nd2 Rb2 49. Ke1 Kg6 50. Kd1 Ra2 51. Ne4 Rxg2 52. h3 Rb2 53. Nd2 Ra2 54. Ke1 Kf5 55. Nf3 Kf4 56. Nd2 g4 57. hxg4 Kxg4 58. Rd3 h3 59. Kf1 Ra1+ 0-1

[Event "Berlin Lichtenberger op 15th"]
[Site "Berlin"]
[Date "2016.08.15"]
[Round "3"]
[White "Mai, Andreas"]
[Black "Krueger, Ekkehard"]
[Result "1-0"]
[WhiteElo "2014"]
[BlackElo "1818"]
[PlyCount "83"]
[EventDate "2016.08.13"]
[EventType "swiss"]
[EventRounds "9"]
[EventCountry "GER"]
[SourceTitle "CBM 173 Extra"]
[Source "ChessBase"]
[SourceDate "2016.08.29"]
[SourceVersion "1"]
[SourceVersionDate "2016.08.29"]
[SourceQuality "1"]

1. e4 e5 2. Bc4 Nf6 3. d3 Nc6 4. Ne2 Na5 5. Bb3 Nxb3 6. axb3 d5 7. exd5 Qxd5 8. 0-0 Be6 9. Nbc3 Qc6 10. Be3 a6 11. Ng3 Bb4 12. Nce4 Nxe4 13. dxe4 Bc5 14. Bxc5 Qxc5 15. Nh5 0-0 16. Qe2 Rad8 17. Rad1 Rd4 18. Rxd4 Qxd4 19. c3 Qb6 20. b4 Bb3 21. Qd3 Qe6 22. Qe3 f6 23. f4 Qg4 24. Ng3 exf4 25. Rxf4 Qd1+ 26. Rf1 Qd6 27. Nf5 Qb6 28. Nd4 Bf7 29. Re1 Re8 30. Qh3 c5 31. bxc5 Qxc5 32. Kh1 Qb6 33. b4 Bg6 34. Qd7 Kf8 35. Nf5 Bxf5 36. Qxf5 g6 37. Qf4 Kg7 38. h3 Re5 39. Qd2 Qe6 40. Qd4 Kf7 41. Re3 f5 42. exf5 1-0

[Event "Berlin Lichtenberger op 12th"]
[Site "Berlin"]
[Date "2013.08.20"]
[Round "4"]
[White "Krueger, Ekkehard"]
[Black "Jaeger, Andre"]
[Result "0-1"]
[WhiteElo "1806"]
[BlackElo "2005"]
[PlyCount "90"]
[EventDate "2013.08.17"]
[EventType "swiss"]
[EventRounds "9"]
[EventCountry "GER"]
[SourceTitle "CBM 156 Extra"]
[Source "ChessBase"]
[SourceDate "2013.10.22"]
[SourceVersion "1"]
[SourceVersionDate "2013.10.22"]
[SourceQuality "1"]

1. e4 c5 2. Nf3 Nc6 3. Bb5 Nf6 4. Nc3 Qc7 5. 0-0 Nd4 6. Re1 a6 7. Bf1 Ng4 8. g3 Nxf3+ 9. Qxf3 Ne5 10. Qd1 d6 11. Bg2 Bg4 12. f3 Bd7 13. Nd5 Qd8 14. c3 Nd3 15. Re3 c4 16. Bf1 Nxc1 17. Qxc1 e6 18. Nf4 Rc8 19. d4 h5 20. Qe1 g5 21. Ng2 e5 22. Rd1 h4 23. Re2 hxg3 24. hxg3 Qf6 25. Kf2 Rh2 26. Qd2 Rd8 27. Qe3 Bh6 28. Ke1 Rh1 29. g4 Rh3 30. dxe5 dxe5 31. Rf2 Bxg4 32. Rxd8+ Qxd8 33. Qc5 Be6 34. Qxe5 g4 35. f4 Rh1 36. Rd2 Rxf1+ 37. Kxf1 Qxd2 38. f5 Qd1+ 39. Ne1 Bd2 40. Qh8+ Ke7 41. Qh4+ f6 42. fxe6 Qxe1+ 43. Qxe1 Bxe1 44. Kxe1 Kxe6 45. Ke2 Ke5 0-1